Central Library OPAC University of Rajshahi

Compensation Management Practices in BSCIC Industrial Estates : (Record no. 82358)

MARC details
000 -LEADER
fixed length control field 01066nam a2200253 a 4500
001 - CONTROL NUMBER
RUCL Control Number 82358
003 - CONTROL NUMBER IDENTIFIER
rucl marc code BD-RjUL
005 - DATE AND TIME OF LATEST TRANSACTION
control field 20231128114437.0
008 - FIXED-LENGTH DATA ELEMENTS--GENERAL INFORMATION
fixed length control field 231128s2019 bg a|||| m||| 00| 0 eng d
035 ## - SYSTEM CONTROL NUMBER
system control number (BD-RjUL)82358
040 ## - CATALOGING SOURCE
Original cataloging agency BD-RjUL
Language of cataloging eng
Transcribing agency BD-RjUL
Modifying agency BD-RjUL
041 ## - LANGUAGE CODE
Language code of Book eng
082 ## - DEWEY DECIMAL CLASSIFICATION NUMBER
DDC Edition number 23
Classification number 331.281
Author mark and Year MRC 2019
100 ## - MAIN ENTRY--PERSONAL NAME
Personal name Mridha, Md. Mokarremul Hoque Helal
9 (RLIN) 10212
245 10 - TITLE STATEMENT
Title Compensation Management Practices in BSCIC Industrial Estates :
Remainder of title A Study of Rajshahi Division /
Statement of responsibility, etc Md. Mokarremul Hoque Helal Mridha
Name of Supervisor/Co-Supervisor Supervisor : Md. Kamruzzaman Co-Supervisor : M. Zainul Abedin
260 ## - PUBLICATION, DISTRIBUTION, ETC. (IMPRINT)
Place of publication, distribution, etc Rajshahi :
Name of publisher, distributor, etc Institute of Bangladesh Studies,University of Rajshahi
Date of publication, distribution, etc 2019
300 ## - PHYSICAL DESCRIPTION
Pagination [1], xvii, 132 leaves :
Other physical details ill.;
Dimensions 29 cm.
502 ## - DISSERTATION NOTE
Dissertation note Thesis(M.Phil.)-- Institute of Bangladesh Studies,University of Rajshahi,2019
504 ## - BIBLIOGRAPHY, ETC. NOTE
Bibliography, etc Bibliography : Leaves 128-132
650 ## - SUBJECT ADDED ENTRY--TOPICAL TERM
Topical term or geographic name as entry element Compensation Management
General subdivision Industrial Estates
9 (RLIN) 10213
700 ## - ADDED ENTRY--SUPERVISOR/CO-SUPERVISOR NAME
Personal name Kamruzzaman, Md. Supervisor
9 (RLIN) 9853
Personal name Abedin, M. Zainul, Co-Supervisor
9 (RLIN) 10214
942 ## - ADDED ENTRY ELEMENTS (KOHA)
Source of classification or shelving scheme Dewey Decimal Classification
Koha item type Theses
Holdings
Source of classification or shelving scheme Damaged status Not for loan Collection code Permanent Location Current Location Shelving location Date of accession Source of acquisition Total Checkouts Full call number Barcode Date last seen Copy number Thesis
Dewey Decimal Classification   Not For Loan Theses Central Library, University of Rajshahi Central Library, University of Rajshahi Documentation Section 21/12/2020 Controller of Exam. R.U.   THE 331.281 MRC 2019 D4397 28/11/2023 C-1 Theses